Rómovia si splnili svoju občiansku povinnosť: volili Európsku úniu (aj keď mnohí nevedeli, o čo ide...)

Podrobná bibliografia
Hlavný autor: Mako, Jozef (Autor)
Médium: Článok
Jazyk:slovenčina
Fyzický popis:Fotogr.
Predmet:

MARC

LEADER 00000nab a2200000 a 4500
001 vtls000876178
003 SK-MaSNL
005 20260426082537.0
008 180207c2003 xo 0 slo
015 |a SNBRB2004/06-19453 
035 |a CLN000227730 
040 |a SNKBUCL  |b slo  |c SNKBUCL  |e AACR2 
041 0 |a slo 
044 |a xo  |c SK 
080 |a 342.573(437.6):327.39(4)  |2 UDC-MRF-SK2 
080 |a 323.15(=214.58):327.39(4)  |2 UDC-MRF-SK2 
100 1 |a Mako, Jozef  |4 aut  |9 791915 
245 1 0 |a Rómovia si splnili svoju občiansku povinnosť: volili Európsku úniu  |b (aj keď mnohí nevedeli, o čo ide...)  |c Jozef Mako 
300 |b Fotogr. 
610 2 7 |a Európska únia  |2 SNKKA  |9 29861 
650 0 7 |a referendum  |2 SNKPH  |9 4497 
650 0 7 |a romiká  |2 SNKPH  |9 72855 
650 0 7 |a európska integrácia  |2 SNKPH  |9 2140 
651 7 |a Slovensko  |2 SNKPHgeo  |9 14231 
655 7 |a články z novín a časopisov  |2 snkbucl  |9 267496 
773 0 |t Romano ľil nevo  |g Roč. 13, č. 591-593 (2003), s. 14 
850 |a Slovenská národná knižnica v Martine 
852 |a SNK  |b KIS3GCP 
958 |a RBX 
999 |c 2877613  |d 2879543